Tara Strong Filmography - Statistics

General Stats
  • This quiz has been taken 62 times
    40 since last reset
  • The average score is 20 of 406
Answer Stats
Type Year Name % Correct
TV Show 2003-2006 Teen Titans
59%
Video Game 2006 Teen Titans
59%
Film 2017 My Little Pony: The Movie
53%
TV Show 1998-2005 The Powerpuff Girls
53%
TV Show 2013-Present Teen Titans Go!
47%
TV Show 2005-2008 Ben 10
35%
TV Show 2016-Present Ben 10
35%
TV Show 1996-2003 Dexter's Laboratory
35%
TV Show 1997-2004 Rugrats
35%
Web Series 2023 Rugrats
35%
Film 2010 The Drawn Together Movie: The Movie!
35%
TV Show 2004-2009 Foster's Home for Imaginary Friends
29%
TV Show 2003-2006 Justice League
29%
TV Show 2002-2003, 2017 Samurai Jack
29%
TV Show 2001-2017 The Fairly OddParents
29%
Video Game 2012 Ben 10: Omniverse
24%
TV Show 2012-2014 Ben 10: Omniverse
24%
TV Show 2004-2007 Drawn Together
24%
Film 2000 The Little Mermaid II: Return to the Sea
24%
Film 2002 The Powerpuff Girls Movie
24%
TV Show 2003-2008 All Grown Up!
18%
TV Show 2008-2010 Ben 10: Alien Force
18%
TV Show 2007-2010 Chowder
18%
TV Show 2003-2006 Codename: Kids Next Door
18%
TV Show 1997-1999 Cow and Chicken
18%
TV Show 2019-Present DC Super Hero Girls
18%
TV Show 2000-2018 Family Guy
18%
TV Show 1987 Hello Kitty's Furry Tale Theater
18%
TV Show 2002-2007 Kim Possible
18%
TV Show 2003-2006 Lilo & Stitch: The Series
18%
Web Series 2021 Loki
18%
TV Show 1999 Pepper Ann
18%
TV Show 2009 Phineas and Ferb
18%
Film 2003 Rugrats Go Wild
18%
Film 2000 Rugrats in Paris: The Movie
18%
TV Show 1998 Sabrina the Teenage Witch
18%
TV Show 2003 Spider-Man: The New Animated Series
18%
TV Show 1997 The Angry Beavers
18%
TV Show 2000 The Wild Thornberrys
18%
TV Show 1999 Timon & Pumbaa
18%
TV Show 2017-2020 Unikitty!
18%
TV Show 2008-2010 Wow! Wow! Wubbzy!
18%
TV Show 2011, 2019-Present Young Justice
18%
TV Show 1997 101 Dalmatians: The Series
12%
TV Show 2005-2007 American Dragon: Jake Long
12%
Video Game 2011 Batman: Arkham City
12%
Film 2003 Batman: Mystery of the Batwoman
12%
TV Show 2008-2011 Batman: The Brave and the Bold
12%
TV Show 2010-2012 Ben 10: Ultimate Alien
12%
TV Show 2013 Beware the Batman
12%
TV Show 2010-2011 Big Time Rush
12%
TV Show 2004-2007 Danny Phantom
12%
TV Show 2018 DuckTales
12%
TV Show 2002-2004 Fillmore!
12%
TV Show 2012 Gravity Falls
12%
TV Show 2010-2013 Mad
12%
Film 2015 Minions
12%
TV Show 2010-2019 My Little Pony: Friendship Is Magic
12%
TV Film 1999 Sabrina Down Under
12%
TV Film 1998 Sabrina Goes to Rome
12%
Film 2018 Scooby-Doo! & Batman: The Brave and the Bold
12%
Film 1998 Scooby-Doo on Zombie Island
12%
Film 2016 Sing
12%
TV Show 2010 Sym-Bionic Titan
12%
Film 2002 Tarzan & Jane
12%
Film 2018 Teen Titans Go! To the Movies
12%
TV Film 2006 Teen Titans: Trouble in Tokyo
12%
TV Show 2007-2010 The Boondocks
12%
TV Film 2003 The Fairly OddParents: Abra-Catastrophe
12%
TV Film 2006 The Fairly OddParents: Fairy Idol
12%
TV Show 2020, 2021 The Loud House
12%
TV Show 1997-1999 The New Batman Adventures
12%
TV Show 2001-2005 The Proud Family
12%
TV Show 2000-2004 The Weekenders
12%
Film 2002 The Wild Thornberrys Movie
12%
Film 2007 TMNT
12%
TV Show 2002 Totally Spies!
12%
TV Show 2012-2016 Ultimate Spider-Man
12%
TV Show 2013, 2014, 2015 Uncle Grandpa
12%
Film 2009 Wonder Woman
12%
TV Show 2013 Xiaolin Chronicles
12%
TV Show 2003-2006 Xiaolin Showdown
12%
Video Game 2006 Xiaolin Showdown
12%
Film 2003 101 Dalmatians II: Patch's London Adventure
6%
Award Show 1999 1999 Kids' Choice Awards
6%
TV Show 1996 Ace Ventura: Pet Detective
6%
TV Film 2011 A Fairly Odd Movie: Grow Up, Timmy Turner!
6%
TV Show 1989-1991 Babar
6%
Film 2000 Batman Beyond: Return of the Joker
6%
Film 2016 Batman: The Killing Joke
6%
Film 2019 Batman vs. Teenage Mutant Ninja Turtles
6%
Film 1999 Black Mask
6%
Video Game 2007 Blue Dragon
6%
Film 2008 Bolt
6%
Documentary 2012 Bronies: The Extremely Unexpected Adult Fans of My Little Pony
6%
TV Show 2000 Buzz Lightyear of Star Command
6%
TV Film 1999 Can of Worms
6%
TV Show 1988 Clifford the Big Red Dog
6%
TV Show 2011-2012 Dan Vs.
6%
Film 2017 Despicable Me 3
6%
Web Series 2012 Electric City
6%
TV Show 1997 Extreme Ghostbusters
6%
Video Game 2001 Final Fantasy X
6%
Video Game 2003 Final Fantasy X-2
6%
TV Show 2013 Futurama
6%
Web Series 2021-Present Gabby's Dollhouse
6%
Web Series 2000-2002 Gotham Girls
6%
TV Show 2012-2013 Green Lantern: The Animated Series
6%
TV Show 2015 Guardians of the Galaxy
6%
Film 2023 Guardians of the Galaxy Vol. 3
6%
Film 2002 Ice Age
6%
Video Game 2017 Injustice 2
6%
Web Series 2015 Inspector Gadget
6%
Film 2019 Justice League vs. the Fatal Five
6%
TV Show 1998-2004 King of the Hill
6%
Web Series 2017-2019 Lemony Snicket's A Series of Unfortunate Events
6%
Film 2006 Leroy & Stitch
6%
TV Show 2002-2003 Lloyd in Space
6%
Video Game 2012 Lollipop Chainsaw
6%
TV Short 1988 Madeline
6%
TV Show 2004-2005 Megas XLR
6%
Film 2013 Monsters University
6%
Film 2021 My Little Pony: A New Generation
6%
Film 2013 My Little Pony: Equestria Girls
6%
TV Show 2013-2019 My Little Pony: Equestria Girls
6%
TV Show 2018 OK K.O.! Let's Be Heroes
6%
Film 2016 Only Yesterday
6%
Film 1999 Princess Mononoke
6%
Video Game 2007 Ratchet & Clank Future: Tools of Destruction
6%
TV Show 2015-2017 Rick and Morty
6%
Film 2021 Sing 2
6%
Film 2017 Smurfs: The Lost Village
6%
Film 2002 Spirited Away
6%
Film 2006 Stuart Little 3: Call of the Wild
6%
TV Show 2007-2009 Sushi Pack
6%
TV Show 1987 Sylvanian Families
6%
TV Show 1988 T. and T.
6%
Film 2012 Ted
6%
Film 2015 Ted 2
6%
Film 2019 Teen Titans Go! vs. Teen Titans
6%
Film 2005 The Batman vs. Dracula
6%
Film 2017 The Boss Baby
6%
TV Show 2005-2006 The Buzz on Maggie
6%
TV Show 1987-1988 The Care Bears
6%
TV Film 2004 The Fairly OddParents: Channel Chasers
6%
TV Film 2005 The Fairly OddParents: School's Out: The Musical
6%
TV Show 1999-2001 The Kids from Room 402
6%
Short Film 2008 The Last White Dishwasher
6%
Film 2005 The Legend of Frosty the Snowman
6%
TV Show 2005 The Life and Times of Juniper Lee
6%
TV Show 2011 The Looney Tunes Show
6%
TV Film 2005 The Proud Family Movie
6%
Film 1998 The Rugrats Movie
6%
TV Show 2009-2011 The Super Hero Squad Show
6%
TV Show 2001-2002 The Zeta Project
6%
Film 2001 Tom and Jerry: The Magic Ring
6%
TV Show 2014 Wander Over Yonder
6%
TV Show 2009 Wolverine and the X-Men
6%
Film 2014 Yellowbird
6%
TV Show 1996 3rd Rock from the Sun
0%
TV Show 2007, 2008 According to Jim
0%
TV Show 1996-1998 Adventures from the Book of Virtues
0%
TV Film 2012 A Fairly Odd Christmas
0%
TV Film 2014 A Fairly Odd Summer
0%
TV Show 2007 Afro Samurai
0%
Web Series 2023 Agent Elvis
0%
Film 2017 Animal Crackers
0%
Video Game 2012 Armored Core V
0%
TV Show 2014 Arrow
0%
Video Game 2012 Asura's Wrath
0%
TV Film 1992 A Town Torn Apart
0%
TV Show 2021-Present Baby Shark's Big Show!
0%
Film 2012 Back to the Sea
0%
Film 2006 Bah, Humduck! A Looney Tunes Christmas
0%
Video Game 2011 Batman: Arkham City Lockdown
0%
Video Game 2015 Batman: Arkham Knight
0%
Video Game 2013 Batman: Arkham Origins
0%
Video Game 2016 Batman: Arkham Underworld
0%
Film 2019 Batman: Hush
0%
Film 2018 Batman Ninja
0%
Video Game 2003 Batman: Rise of Sin Tzu
0%
Film 2013 Batman: The Dark Knight Rises
0%
Video Game 2001 Batman: Vengeance
0%
TV Show 1989-1991 Beetlejuice
0%
TV Film 2012 Ben 10: Destroy All Aliens
0%
Video Game 2007 Ben 10: Protector of Earth
0%
TV Film 2007 Ben 10: Secret of the Omnitrix
0%
TV Show 1991 Bill & Ted's Excellent Adventures
0%
Film 2012 Bratz: Desert Jewelz
0%
Film 2006 Bratz Genie Magic
0%
Web Series 2013-2018 Bravest Warriors
0%
TV Show 2014 Breadwinners
0%
TV Show 2012-2014 Brickleberry
0%
TV Show 2017-2018 Bunsen Is a Beast
0%
TV Film 1988 Care Bears Nutcracker Suite
0%
Video Game 2011 Cartoon Network: Punch Time Explosion
0%
Video Game 2006 Cartoon Network Racing
0%
TV Show 1997-1998 Channel Umptee-3
0%
Video Game 2010 Clash of the Titans
0%
TV Show 2000-2001 Clerks: The Animated Series
0%
Film 2004 Comic Book: The Movie
0%
Video Game 2008 Crash: Mind over Mutant
0%
Web Series 2020-Present Crossing Swords
0%
Video Game 2019 Dark Deception
0%
TV Show 2012-2014 DC Nation Shorts
0%
Short Film 2011 DC Showcase: Catwoman
0%
Film 2016 DC Super Hero Girls: Hero of the Year
0%
Film 2017 DC Super Hero Girls: Intergalactic Games
0%
Video Game 2021 DC Super Hero Girls: Teen Power
0%
Short Film 2012 Dear Dracula
0%
Film 2012 Delhi Safari
0%
Short Film 1993 Desiree's Wish
0%
TV Show 1999-2000 Detention
0%
Film 2012 Dino Time
0%
Film 2005 Dinotopia: Quest for the Ruby Sunstone
0%
Video Game 2015 Disney Infinity 3.0
0%
TV Show 2002-2004 Diva Starz
0%
TV Film 2007 Doctor Strange: The Sorcerer Supreme
0%
Web Series 2021 Dragons Rescue Riders: Heroes of the Sky
0%
Web Series 2019 DreamWorks Dragons: Rescue Riders
0%
Web Series 2022 El Deafo
0%
Video Game 2004 Everybody's Golf 4
0%
TV Film 1993 Family Pictures
0%
Video Game 2009 Fat Princess
0%
TV Show 1992 Forever Knight
0%
TV Show 2015 Fresh Beat Band of Spies
0%
TV Show 1995-1998 Gadget Boy & Heather
0%
TV Show 1987-1988 Garbage Pail Kids
0%
Film 2017 Gnome Alone
0%
TV Show 2015 Golan the Insatiable
0%
Video Game 2012 Guild Wars 2
0%
Video Game 2007 Gurumin: A Monstrous Adventure
0%
TV Show 1991 Here's How!
0%
Film 2005 Hoodwinked!
0%
TV Show 2015 Hulk and the Agents of S.M.A.S.H.
0%
Video Game 2009 Ice Age: Dawn of the Dinosaurs
0%
Video Game 2000 Icewind Dale
0%
Documentary 2013 I Know That Voice
0%
Video Game 2015 Infinite Crisis
0%
Video Game 2013 Injustice: Gods Among Us
0%
Video Game 2004 Jak 3
0%
Video Game 2009 Jak and Daxter: The Lost Frontier
0%
TV Show 2003-2007 Jakers! The Adventures of Piggley Winks
0%
Video Game 2005 Jak X: Combat Racing
0%
Film 2013 Jay & Silent Bob's Super Groovy Cartoon Movie!
0%
TV Show 2016-2017 Justice League Action
0%
Web Mini-Series 2015 Justice League: Gods and Monsters Chronicles
0%
Web Series 2022 Kid Cosmic
0%
Video Game 2005 Killer7
0%
Video Game 2006 Kingdom Hearts II
0%
TV Show 1993 Kung Fu: The Legend Continues
0%
Video Game 2004 La Pucelle: Tactics
0%
Video Game 2014 Lego Batman 3: Beyond Gotham
0%
Film 2016 Lego DC Comics Super Heroes: Justice League - Gotham City Breakout
0%
Film 2017 Lego DC Super Hero Girls: Brain Drain
0%
Video Game 2018 Lego DC Super-Villains
0%
Video Game 2015 Lego Dimensions
0%
Video Game 2016 Lego Marvel's Avengers
0%
Video Game 2013 Lego Marvel Super Heroes
0%
TV Show 1995-2003 Little Bear
0%
Video Game 2014 LittleBigPlanet 3
0%
Video Game 2008 Lost Odyssey
0%
Film 1991 Married to It
0%
Video Game 2013 Marvel Heroes
0%
TV Special 2019 Marvel Rising: Battle of the Bands
0%
TV Special 2019 Marvel Rising: Chasing Ghosts
0%
TV Film 2018 Marvel Rising: Initiation
0%
Video Game 2012 Marvel Super Hero Squad Online
0%
Video Game 2010 Marvel Super Hero Squad: The Infinity Gauntlet
0%
Video Game 2019 Marvel Ultimate Alliance 3: The Black Order
0%
Video Game 2011 Marvel vs. Capcom 3: Fate of Two Worlds
0%
TV Show 1987 Maxie's World
0%
Video Game 2010 Metal Gear Solid: Peace Walker
0%
Video Game 2006 Metal Gear Solid: Portable Ops
0%
Video Game 2014 Metal Gear Solid V: Ground Zeroes
0%
Video Game 2015 Metal Gear Solid V: The Phantom Pain
0%
Video Game 2015 Mortal Kombat X
0%
TV Show 1989 Mosquito Lake
0%
Video Game 2022 MultiVersus
0%
Film 2007 My Friends Tigger and Pooh - Super Sleuth Christmas Movie
0%
TV Show 2007-2008 My Friends Tigger & Pooh
0%
Film 2015 My Little Pony: Equestria Girls - Friendship Games
0%
Film 2016 My Little Pony: Equestria Girls - Legend of Everfree
0%
Film 2014 My Little Pony: Equestria Girls - Rainbow Rocks
0%
TV Show 2020-Present My Little Pony: Pony Life
0%
TV Special 2019 My Little Pony: Rainbow Roadtrip
0%
TV Show 1987-1988 My Pet Monster
0%
TV Show 2012 Napoleon Dynamite
0%
Film 1995 National Lampoon's Senior Trip
0%
Video Game 2007 Nicktoons: Attack of the Toybots
0%
Video Game 2006 Nicktoons: Battle for Volcano Island
0%
Video Game 2006 Nicktoons Winners Cup Racing
0%
Video Game 2004 Ninja Gaiden
0%
Video Game 2008 Ninja Gaiden II
0%
Video Game 2010 No More Heroes 2: Desperate Struggle
0%
Video Game 2000 Orphen: Scion of Sorcery
0%
TV Show 1994 Party of Five
0%
TV Show 1990 Piggsburg Pigs!
0%
Video Game 2002 Pirates: The Legend of Black Kat
0%
Video Game 2012 PlayStation All-Stars Battle Royale
0%
Short Film 2013 Police Guys
0%
TV Show 2010-2013 Pound Puppies
0%
TV Show 2020 Powerbirds
0%
TV Short 2014 Powerpuff Girls: Dance Pantsed
0%
Web Series 2021 Pretty Hard Cases
0%
TV Show 1991 ProStars
0%
Video Game 2005 Psychonauts
0%
TV Show 2017-Present Puppy Dog Pals
0%
Film 2018 Pushmo: The Movie
0%
Video Game 2011 Rage
0%
TV Show 2009 Random! Cartoons
0%
Video Game 2011 Rango
0%
Video Game 2008 Ratchet & Clank Future: Quest for Booty
0%
TV Show 1993 Ready or Not
0%
Video Game 1998 Redneck Rampage Rides Again
0%
TV Film 1994 Reform School Girl
0%
TV Special 2012 Robot Chicken DC Comics Special
0%
TV Special 2014 Robot Chicken DC Comics Special 2: Villains in Paradise
0%
Video Game 2004 Robotech: Invasion
0%
Video Game 2001 Rugrats: All Growed Up - Older and Bolder
0%
Video Game 1999 Rugrats: Studio Tour
0%
Film 2021 Rumble
0%
Video Game 2000 Sacrifice
0%
Video Game 2020 Samurai Jack: Battle Through Time
0%
Film 2010 Scooby-Doo! Camp Scare
0%
Film 2013 Scooby-Doo! Mask of the Blue Falcon
0%
Film 2013 Scooby-Doo! Stage Fright
0%
Short Film 2008 Secrets of the Furious Five
0%
Video Game 2011 Shadows of the Damned
0%
Video Game 2004 Shrek 4
0%
Video Game 2006 Shrek Smash n' Crash Racing
0%
Video Game 2005 Shrek SuperSlam
0%
Film 1995 Skin Deep
0%
Web Series 2018 Skylanders Academy
0%
Video Game 2012 Skylanders: Giants
0%
Video Game 2015 Skylanders: SuperChargers
0%
Video Game 2013 Skylanders: SWAP Force
0%
Video Game 2014 Skylanders: Trap Team
0%
Video Game 2011 Spider-Man: Edge of Time
0%
Video Game 2010 Spider-Man: Shattered Dimensions
0%
Video Game 2004 Spyro: A Hero's Tail
0%
Video Game 2011 Star Wars: The Old Republic
0%
Film 2019 Star Wars: The Rise of Skywalker
0%
Film 2012 Strange Frame: Love & Sax
0%
TV Show 1991 Street Legal
0%
TV Show 2004-2005 Stroker & Hoop
0%
Video Game 2024 Suicide Squad: Kill the Justice League
0%
TV Show 2013 Super Fun Night
0%
Film 2010 Superman/Batman: Apocalypse
0%
Film 2020 Superman: Red Son
0%
Film 2012 Superman vs. The Elite
0%
TV Show 1991-1992 Super Mario World
0%
TV Show 2006 Take Home Chef
0%
TV Show 1993 Tales from the Cryptkeeper
0%
Video Game 2004 Tales of Symphonia
0%
TV Film 2022 Teen Titans Go! & DC Super Hero Girls: Mayhem in the Multiverse
0%
Film 2021 Teen Titans Go! See Space Jam
0%
TV Show 1998 Tekkaman Blade II
0%
Web Series 2018-2019 The Adventures of Rocky and Bullwinkle
0%
TV Show 1990 The Adventures of Super Mario Bros. 3
0%
Video Game 2014 The Elder Scrolls Online
0%
Film 2017 The Emoji Movie
0%
Video Game 2003 The Fairly OddParents: Breakin' da Rules
0%
TV Show 2021 The Ghost and Molly McGee
0%
Film 2014 The Hero of Color City
0%
TV Show 1992 The Judge
0%
Film 2008 The Little Mermaid: Ariel's Beginning
0%
Video Game 2019 Them's Fightin' Herds
0%
TV Show 2008-2010 The Penguins of Madagascar
0%
Video Game 2002 The Powerpuff Girls: Relish Rampage
0%
TV Special 2009 The Powerpuff Girls Rule!
0%
TV Show 1991 The Raccoons
0%
TV Show 1996-1997 The Real Adventures of Jonny Quest
0%
TV Show 2014 The Real Housewives of Beverly Hills
0%
Film 2016 The Secret Life of Pets
0%
Film 2019 The Secret Life of Pets 2
0%
Podcast 2020 The Ship-It Show
0%
Film 1997 The Ugly Duckling
0%
Short Film 1988 The Wild Puffalumps
0%
Video Game 2013 The Wonderful 101
0%
TV Film 1994 Thicker Than Blood: The Larry McLinden Story
0%
Film 2011 Thor: Tales of Asgard
0%
TV Show 2011 ThunderCats
0%
Web Series 2022 Tokens
0%
Film 2007 Tom and Jerry: A Nutcracker Tale
0%
TV Show 2019, 2021 T.O.T.S.
0%
TV Show 1999 Touched by an Angel
0%
TV Short 2013 Toy Story of Terror!
0%
TV Show 2007-2009 Transformers: Animated
0%
Video Game 2004 Tribes: Vengeance
0%
TV Show 2014 TripTank
0%
Film 2012 Twinkle Toes
0%
Film 2008 Unstable Fables: 3 Pigs and a Baby
0%
Video Game 2000 Vampire: The Masquerade - Redemption
0%
Short Film 2004 Van Helsing: The London Assignment
0%
Video Game 2016 View-Master Batman Animated VR
0%
Video Game 2009 Watchmen: The End Is Nigh
0%
Video Game 2002 Whacked!
0%
Video Game 2014 WildStar
0%
TV Show 1991 Wish Kid
0%
Video Game 2016 World of Final Fantasy
0%
TV Film 2009 Wow! Wow! Wubbzy!: Wubb Idol
0%
TV Film 2008 Wubbzy's Big Movie!
0%
Video Game 2005 Xenosaga Episode II: Jenseits von Gut and Böse
0%
TV Show 1993-1997 X-Men
0%
Video Game 2005 X-Men Legends II: Rise of Apocalypse
0%
No matching quizzes found
Score Distribution
Percent of People with Each Score
Percentile by Number Answered
Your Score History
You have not taken this quiz since the last reset